Every OneRepublic Song to Chart on Billboard - Statistics

General Stats
  • This quiz has been taken 6 times
  • The average score is 13 of 16
Answer Stats
Chart Position Year of Release Album Song % Correct
Hot 100 #18 2011 Waking Up All The Right Moves
100%
Hot 100 #2 2007 Dreaming Out Loud Apologize (with Timbaland)
100%
Hot 100 #2 2013 Native Counting Stars
100%
Hot 100 #32 2013 Native I Lived
100%
Hot 100 #21 2011 Waking Up Secrets
100%
Hot 100 #8 2011 Waking Up Good Life
83%
Hot 100 #96 2016 Oh My My Kids
83%
Hot 100 #88 2020 Golden Hour/Human Lose Somebody (with Kygo)
83%
Hot 100 #15 2014 Native Love Runs Out
83%
Hot 100 #12 2008 Dreaming Out Loud Stop and Stare
83%
Hot 100 #36 2012 Native Feel Again
67%
Hot 100 #74 2013 Native If I Lose Myself
67%
Hot 100 #55 2016 Oh My My Wherever I Go
67%
Billboard Global 200 #67 2021 Human Run
50%
Adult Top 40 Radio #17 2021 Human Someday
50%
Hot 100 #80 2009 Dreaming Out Loud Come Home (ft. Sara Bareilles)
33%
No matching quizzes found
Score Distribution
Percent of People with Each Score
Percentile by Number Answered
Your Score History
You have not taken this quiz